Statistiques concernant Circuits Mario Kart : Double Dash

Cliquez ici pour prendre le quiz!

Statistiques générales

  • Ce quiz a été pris 70 fois
  • Le résultat moyen est 11 sur 16

Statistiques - réponses

% Correct
Route Arc-en-ciel
90%
Circuit Luigi
82%
Circuit Mario
82%
Montagne Donkey-Kong
82%
Château de Bowser
78%
Paquebot Daisy
78%
Circuit Yoshi
76%
Plage Peach
76%
Parc Baby
73%
Stade Waluigi
67%
Champiville
63%
Jungle Dino-Dino
63%
Pont Champignon
61%
Désert Sec-Sec
59%
Arène Wario
57%
Royaume Sorbet
53%

Distribution des résultats

Percentile par nombre de réponses

% des personnes avec chaque résultat

Votre développement - résultats

Vous n’avez pas pris ce quiz